000
00321nam a22001337a 4500
008
171201b xxu||||| |||| 00| 0 eng d
020
_a
9780314037077
041
_a
eng
080
_a
37
100
_a
46
101
_a
EDU
245
_a
UNDERSTANDING STATISTICS IN THE BEHAVIORAL SCIENCES
_c
PAGANO, R.R
942
_2
udc
_c
BK
999
_c
38700
_d
38700